00817nam a2200205 a 4500001001000000003000500010005001700015008004100032010001100073011001100084040000900095100003800104245016200142260004100304500006000345502007900405650002800484650002900512856007000541000115043CHAP20220329144511.0180910s2018 mx |sm |||||||spa d a111504 a112476 cCHAP1 aOchoa Peñaloza, José Ángel.10aNanopartículas de plata en la postcosecha de lisianthus (Eustoma grandiflorum (Raf) Shinners Echo Blue)h[En línea]cpor José Ángel Ochoa Peñaloza. aChapingo, Méx. :bEl autor,c2018. aPara ver el contenido del material haga clic en la liga aTesis (Agr. en Horticultura Protegida) -- UACH. Departamento de Fitotecnia14aFloresxPreservación.14aPlataxEfecto en flores. aFinding aiduhttp://10.13.5.2/tesis/sist115043.pdfzTeclea aquí